000 00388cam a22001337a 4500
008 180718b2008 xxu||||| |||| 00| 0 eng d
020 _a0195695313
082 _aB1243x54 H275
100 _aHasan, Mushirul
245 _aModerate of militant: images of India's muslims
_cby Mushirul Hasan
260 _aNew Delhi
_bOxford Univ. Press
_c2008
300 _a252p.
650 _aMuslims in India
999 _c407370
_d407370